El Senyor Re sostingut i la senyoreta Mi bemoll : conte de Nadal / Jules Verne ; [traducció del conte: Joan Solé] conte de Nadal / Jules Verne ; [traducció del conte:
Descripción Física:
87 p. ; 17 cm
Otros Autores:
Solé, Joan, tr
MARC
| LEADER | 00000nam a2200000Ia 4500 | ||
|---|---|---|---|
| 001 | 17182 | ||
| 008 | 160829s2005 xx 000 0 cat d | ||
| 080 | |a L-2-75 | ||
| 100 | |a Verne, Jules |9 34084 | ||
| 245 | |a El Senyor Re sostingut i la senyoreta Mi bemoll : |b conte de Nadal / Jules Verne ; [traducció del conte: |b Joan Solé] | ||
| 260 | |a [Barcelona] : |b Diputació de Barcelona, |c 2005 | ||
| 300 | |a 87 p. ; |c 17 cm | ||
| 590 | |a L'edició és un obsequi de la Diputació de Barcelona als usuaris de la Xarxa de Biblioteques Municipals amb motiu de l'Any del Llibre i la Lectura i del centenari de la mort de Jules Verne | ||
| 700 | |a Solé, Joan, tr. |9 34085 | ||
| 710 | 1 | |a Barcelona (Catalunya : Província). |b Diputació |9 52408 | |
| 901 | |a Arxiu | ||
| 942 | |n 1 | ||
| 952 | |0 0 |1 0 |4 0 |6 L275 |7 1 |9 46381 |a Arxiu |b Arxiu |d 2016-12-01 |l 0 |o L-2-75 |p 17182 |r 2016-12-01 00:00:00 |w 2016-12-01 |y ARXIU | ||
| 999 | |c 50166 |d 50166 | ||